000 00462nam a22001577a 4500
005 20230706141828.0
008 230706b ||||| |||| 00| 0 eng d
040 _cAACR2
082 _a577 MAN
100 _aManjappa, Sarathi and Kumaraswami, D.R
_914553
245 _aBhara lohagalu mathu parisaradallaguva parinamagalu
260 _aBelagavi
_bPrasaranga
_c2021
300 _a48p.
650 _a Janapriya tantrika sikshana male
_914527
942 _2ddc
_cBK
999 _c194508
_d194508